000 00213nam a22000857a 4500
008 170527b xxu||||| |||| 00| 0 eng d
100 _93158
_aSood.R.
245 _aInformation Technology-X
260 _aNew Delhi
_bAP
_c2010
999 _c6455
_d6455